000 00218nam a22001097a 4500
082 _a001
_bCAL/W
100 _aCALLERY,SEAN
245 _aWORLD WAR II
260 _bSCHOLASTIC
650 _aGENERAL KNOWLEDGE
942 _cBK
999 _c2995
_d2995